[Event "Titled Tuesday intern op 06th Jun Early"]
[Site "Chess.com INT"]
[Date "2023.06.06"]
[Round "4"]
[White "Danielyan, Vahe"]
[Black "Richter, Paul"]
[Result "1-0"]
[WhiteElo "2346"]
[BlackElo "2171"]
[PlyCount "65"]
[EventDate "2023.06.06"]
[EventType "swiss (blitz)"]
[EventRounds "11"]
[EventCountry "USA"]
[SourceTitle "EXT 2024"]
[Source "ChessBase"]
[SourceDate "2023.10.10"]
[SourceVersion "1"]
[SourceVersionDate "2023.10.10"]
[SourceQuality "1"]

1. d4 Nf6 2. c4 g6 3. Nc3 Bg7 4. g3 0-0 5. Bg2 d6 6. Nf3 Nbd7 7. 0-0 e5 8. e4 exd4 9. Nxd4 Re8 10. Re1 a6 11. h3 Rb8 12. Be3 Ne5 13. Qe2 c5 14. Nc2 b5 15. cxb5 axb5 16. Nxb5 Ba6 17. a4 Bxb5 18. axb5 c4 19. b6 Nd3 20. Nd4 Rxb6 21. Reb1 Nxe4 22. Ra7 Nc3 23. Qf3 Qf6 24. Rba1 Qxf3 25. Bxf3 Rxb2 26. Nc6 Nb5 27. Ra8 Rf8 28. Ne7+ Kh8 29. Bg5 Rb1+ 30. Rxb1 Rxa8 31. Bxa8 Bb2 32. Rxb2 Nxb2 33. Bf6# 1-0

[Event "Titled Tuesday intern op 06th Jun Early"]
[Site "Chess.com INT"]
[Date "2023.06.06"]
[Round "3"]
[White "Zaksaite, Salomeja"]
[Black "Richter, Paul"]
[Result "0-1"]
[WhiteElo "2304"]
[BlackElo "2171"]
[PlyCount "46"]
[EventDate "2023.06.06"]
[EventType "swiss (blitz)"]
[EventRounds "11"]
[EventCountry "USA"]
[SourceTitle "EXT 2024"]
[Source "ChessBase"]
[SourceDate "2023.10.10"]
[SourceVersion "1"]
[SourceVersionDate "2023.10.10"]
[SourceQuality "1"]

1. e4 c5 2. Nf3 d6 3. d4 cxd4 4. Nxd4 Nf6 5. Nc3 g6 6. Be2 Bg7 7. 0-0 0-0 8. Bg5 Nc6 9. Nb3 Be6 10. Kh1 a5 11. a4 Rc8 12. f4 Nb4 13. Nd5 Bxd5 14. exd5 Nxc2 15. f5 Nxa1 16. Nxa1 Qb6 17. Bb5 Ne4 18. Bxe7 Nf2+ 19. Rxf2 Qxf2 20. Bxf8 Kxf8 21. fxg6 hxg6 22. Bd3 Qxb2 23. Nc2 Be5 0-1

[Event "Titled Tuesday intern op 23rd May Early"]
[Site "Chess.com INT"]
[Date "2023.05.23"]
[Round "3"]
[White "Antonio, Jorge Carlos"]
[Black "Richter, Paul"]
[Result "0-1"]
[WhiteElo "2277"]
[BlackElo "2171"]
[PlyCount "78"]
[EventDate "2023.05.23"]
[EventType "swiss (blitz)"]
[EventRounds "11"]
[EventCountry "USA"]
[SourceTitle "CBM 214 Extra"]
[Source "ChessBase"]
[SourceDate "2023.07.31"]
[SourceVersion "1"]
[SourceVersionDate "2023.07.31"]
[SourceQuality "1"]

1. d4 Nf6 2. Nf3 g6 3. c4 Bg7 4. Nc3 0-0 5. e4 d6 6. Be2 Na6 7. 0-0 e5 8. dxe5 dxe5 9. Qxd8 Rxd8 10. Bg5 Re8 11. a3 c6 12. b4 Nc7 13. c5 Ne6 14. Bxf6 Bxf6 15. Nd2 Nd4 16. Nc4 Be6 17. Nd6 Re7 18. Bc4 Bc8 19. f4 Be6 20. Bxe6 fxe6 21. Rad1 exf4 22. Rxf4 Be5 23. Rff1 a5 24. Nc4 Bg7 25. Nxa5 Nc2 26. Nb1 Ne3 27. Kf2 Nxf1 28. Kxf1 Be5 29. g3 Rf7+ 30. Ke2 Raf8 31. Nc4 Rf2+ 32. Ke1 Rf1+ 33. Ke2 R8f2+ 34. Ke3 Rxd1 35. Kxf2 Bd4+ 36. Ke2 Rxb1 37. Na5 b6 38. Nxc6 bxc5 39. bxc5 Bxc5 0-1

[Event "Titled Tuesday intern op 23rd May Early"]
[Site "Chess.com INT"]
[Date "2023.05.23"]
[Round "2"]
[White "Richter, Paul"]
[Black "Fernandez Guillen, Ernesto J"]
[Result "0-1"]
[WhiteElo "2171"]
[BlackElo "2477"]
[PlyCount "138"]
[EventDate "2023.05.23"]
[EventType "swiss (blitz)"]
[EventRounds "11"]
[EventCountry "USA"]
[SourceTitle "CBM 214 Extra"]
[Source "ChessBase"]
[SourceDate "2023.07.31"]
[SourceVersion "1"]
[SourceVersionDate "2023.07.31"]
[SourceQuality "1"]

1. e4 e5 2. Nf3 Nc6 3. Bb5 f5 4. d3 fxe4 5. dxe4 Nf6 6. 0-0 d6 7. Qd3 Bg4 8. Bg5 Be7 9. Nbd2 a6 10. Ba4 0-0 11. Bxc6 bxc6 12. Qc4+ Kh8 13. Qxc6 h6 14. Bh4 Nh5 15. Bg3 Nf4 16. Rfe1 Rb8 17. b3 Rb6 18. Qc3 Qd7 19. Qe3 Qe8 20. h3 Be6 21. Bxf4 Rxf4 22. Nf1 Qg6 23. Ng3 Rb8 24. Kh2 Rbf8 25. Re2 h5 26. Nf5 Bxf5 27. exf5 R8xf5 28. Rg1 e4 29. Nd4 Rf7 30. g3 R4f6 31. Qxe4 Rxf2+ 32. Rg2 Rxg2+ 33. Kxg2 Qf6 34. Nf3 Qc3 35. Rf2 Kg8 36. Qe6 Qf6 37. Qc8+ Kh7 38. Qxc7 d5 39. Qc8 Qg6 40. h4 Bd6 41. Qh3 Be7 42. Kh2 Kg8 43. Qg2 Rf8 44. Ne5 Rxf2 45. Qxf2 Qe6 46. Nf3 Bf6 47. Kg2 Qe4 48. c4 dxc4 49. bxc4 Qxc4 50. a3 Qe4 51. Qe1 Qc6 52. Qe2 Kh8 53. Qd3 Qb7 54. Kf2 Qf7 55. Kg2 Qa2+ 56. Kh3 Qe6+ 57. Kg2 Qf7 58. Qe4 Kg8 59. Qf5 Qe8 60. Kh3 Kh8 61. Kg2 Kg8 62. Kh3 Kh8 63. Ng5 Bxg5 64. hxg5 Kg8 65. g6 Qd8 66. Qf7+ Kh8 67. Qf5 Kg8 68. Qxh5 Qf6 69. Qg4 Kf8 0-1

[Event "Titled Tuesday intern op 16th May Late"]
[Site "Chess.com INT"]
[Date "2023.05.16"]
[Round "3"]
[White "Reprintsev, Alexander"]
[Black "Richter, Paul"]
[Result "1-0"]
[WhiteElo "2253"]
[BlackElo "2171"]
[PlyCount "69"]
[EventDate "2023.05.16"]
[EventType "swiss (blitz)"]
[EventRounds "11"]
[EventCountry "USA"]
[SourceTitle "CBM 214 Extra"]
[Source "ChessBase"]
[SourceDate "2023.07.31"]
[SourceVersion "1"]
[SourceVersionDate "2023.07.31"]
[SourceQuality "1"]

1. e4 c5 2. b3 e5 3. Bb2 d6 4. f4 exf4 5. Qf3 Qh4+ 6. g3 fxg3 7. hxg3 Qg5 8. Bc4 Be6 9. Na3 Nc6 10. 0-0-0 0-0-0 11. Rh5 Qg4 12. Bxe6+ Qxe6 13. Rf1 f6 14. Ne2 Ne5 15. Qh1 Nh6 16. Nf4 Qg4 17. Rh4 Qd7 18. Nc4 Nxc4 19. bxc4 Qa4 20. Qh3+ Kb8 21. d3 Qxa2 22. Rxh6 gxh6 23. Bxf6 Rg8 24. Bxd8 Bg7 25. Qd7 a6 26. Kd2 Be5 27. Ne2 Qb2 28. Bc7+ Ka8 29. Bxd6 Qb4+ 30. Ke3 Bd4+ 31. Nxd4 cxd4+ 32. Kxd4 Qb2+ 33. c3 Qe2 34. Rf7 Qb2 35. Bb4 1-0

[Event "Titled Tuesday intern op 16th May Early"]
[Site "Chess.com INT"]
[Date "2023.05.16"]
[Round "4"]
[White "Richter, Paul"]
[Black "Bazilius, Augustinas"]
[Result "0-1"]
[WhiteElo "2171"]
[BlackElo "2050"]
[PlyCount "110"]
[EventDate "2023.05.16"]
[EventType "swiss (blitz)"]
[EventRounds "11"]
[EventCountry "USA"]
[SourceTitle "CBM 214 Extra"]
[Source "ChessBase"]
[SourceDate "2023.07.31"]
[SourceVersion "1"]
[SourceVersionDate "2023.07.31"]
[SourceQuality "1"]

1. e4 c5 2. Nf3 Nc6 3. d4 cxd4 4. Nxd4 Nf6 5. Nc3 d6 6. Bg5 e6 7. Qd2 a6 8. 0-0-0 Be7 9. f4 Bd7 10. Be2 b5 11. Bf3 Rc8 12. Nxc6 Bxc6 13. e5 Bxf3 14. gxf3 dxe5 15. Qe3 Qc7 16. fxe5 Nd5 17. Rxd5 Bxg5 18. Qxg5 exd5 19. Qxg7 Rf8 20. Qxh7 d4 21. Nd5 Qxe5 22. Nb4 a5 23. Nd3 Rh8 24. Qxf7+ Kxf7 25. Nxe5+ Kf6 26. Ng4+ Kf5 27. Rd1 Rcd8 28. Rd3 Kf4 29. b3 Rh3 30. Kb2 Rxf3 31. Rxf3+ Kxf3 32. Ne5+ Ke4 33. Nc6 Ra8 34. h4 Ra6 35. Nd8 Rh6 36. Nb7 Kd5 37. Nxa5 Rxh4 38. a3 Rh2 39. Kb1 Ke4 40. Nb7 Ke3 41. Nc5 Kd2 42. a4 bxa4 43. bxa4 Kc3 44. Ne4+ Kb4 45. a5 Kxa5 46. Nc5 Kb4 47. Ne4 Re2 48. Ng3 Re3 49. Nf5 Re4 50. Kb2 Rf4 51. Nd6 Rf2 52. Nb7 d3 53. Kb1 dxc2+ 54. Kc1 Kc3 55. Na5 Rf1# 0-1

[Event "Titled Tuesday intern op 09th May Late"]
[Site "Chess.com INT"]
[Date "2023.05.09"]
[Round "2"]
[White "Mekhitarian, Krikor Sevag"]
[Black "Richter, Paul"]
[Result "1/2-1/2"]
[WhiteElo "2537"]
[BlackElo "2171"]
[PlyCount "87"]
[EventDate "2023.05.09"]
[EventType "swiss (blitz)"]
[EventRounds "11"]
[EventCountry "USA"]
[SourceTitle "CBM 214 Extra"]
[Source "ChessBase"]
[SourceDate "2023.07.31"]
[SourceVersion "1"]
[SourceVersionDate "2023.07.31"]
[SourceQuality "1"]

1. Nf3 Nf6 2. c4 g6 3. Nc3 Bg7 4. e4 d6 5. d4 0-0 6. h3 Nbd7 7. Be3 e5 8. d5 h5 9. Be2 Nc5 10. Nd2 a5 11. g4 hxg4 12. hxg4 Nh7 13. 0-0 Bf6 14. Bf3 Bg5 15. Qe2 Bxe3 16. Qxe3 Qh4 17. Kg2 Bxg4 18. Rh1 Bxf3+ 19. Nxf3 Qg4+ 20. Kf1 Qf4 21. Ke2 Qxe3+ 22. Kxe3 Kg7 23. Rag1 Rh8 24. Nb5 Na6 25. Nh4 Kf6 26. Nf3 Rag8 27. a3 Nf8 28. b4 axb4 29. axb4 Nd7 30. Nd2 Ke7 31. Rb1 Kd8 32. c5 dxc5 33. bxc5 Rxh1 34. Rxh1 Naxc5 35. Nc4 b6 36. d6 cxd6 37. Nbxd6 Ke7 38. Rh7 Rf8 39. Nb5 Ke6 40. Nc7+ Ke7 41. Nd5+ Ke6 42. Nc7+ Ke7 43. Nd5+ Ke6 44. Nc7+ 1/2-1/2

[Event "Titled Tuesday intern op 09th May Late"]
[Site "Chess.com INT"]
[Date "2023.05.09"]
[Round "5"]
[White "Papasimakopoulos, Alexandros"]
[Black "Richter, Paul"]
[Result "1-0"]
[WhiteElo "2401"]
[BlackElo "2171"]
[PlyCount "101"]
[EventDate "2023.05.09"]
[EventType "swiss (blitz)"]
[EventRounds "11"]
[EventCountry "USA"]
[SourceTitle "CBM 214 Extra"]
[Source "ChessBase"]
[SourceDate "2023.07.31"]
[SourceVersion "1"]
[SourceVersionDate "2023.07.31"]
[SourceQuality "1"]

1. d4 Nf6 2. c4 g6 3. Nc3 Bg7 4. Bg5 0-0 5. e3 d6 6. Be2 Nbd7 7. Nf3 h6 8. Bh4 c6 9. 0-0 Qe8 10. Qc2 e5 11. dxe5 dxe5 12. Nd2 Qe6 13. b4 a5 14. a3 c5 15. b5 b6 16. Bf3 Rb8 17. Rad1 g5 18. Bg3 g4 19. Bc6 Bb7 20. Nd5 Nxd5 21. cxd5 Qe7 22. e4 Bc8 23. Nc4 h5 24. d6 Qg5 25. Qd2 Qg6 26. Rfe1 Rd8 27. Bxd7 Bxd7 28. a4 Re8 29. Qd3 Re6 30. Ne3 Ree8 31. Nf5 Bf8 32. Bh4 f6 33. Qd5+ Kh7 34. Ne7 Qh6 35. Nc6 Rbc8 36. Rd3 Bg7 37. Qf7 Be6 38. Qb7 Rb8 39. Nxb8 Bc4 40. Rdd1 f5 41. d7 Rf8 42. d8Q Rxd8 43. Bxd8 fxe4 44. Rd7 e3 45. Rxg7+ Qxg7 46. Qxg7+ Kxg7 47. Rxe3 Bb3 48. Bxb6 Bxa4 49. Bxc5 Bxb5 50. Rxe5 a4 51. Bd4 1-0